The Simpsons Homer, Bart or Both? - Statistics

General Stats
  • This quiz has been taken 49 times
  • The average score is 8 of 15
Answer Stats
Question Answer % Correct
Bought a smoker Homer
82%
Brought Santa’s Little Helper home Both
76%
Worked as a Krusty the Clown impersonator Homer
76%
Swapped lives with a look-a-like Bart
71%
Was convinced they contracted leprosy by Lisa Both
65%
Became a paparazzo Homer
65%
Drove a car through Springfield Elementary causing a curfew for minors Homer
65%
Illegally downloaded movies Both
59%
Joined a group of criminal feminists Bart
53%
Went to a baseball game with Ned Homer
47%
Moved out of the house by themselves and into an apartment Both
41%
Had a shoe named after them Bart
24%
Was accused of inappropriately touching the opposite sex Both
24%
Fell from a great height in a suicide attempt Bart
18%
Became a voice actor Bart
12%
No matching quizzes found
Score Distribution
Percent of People with Each Score
Percentile by Number Answered
Your Score History
You have not taken this quiz